000
00274nam a22001217a 4500
008
170426b xxu||||| |||| 00| 0 eng d
041
_a
eng
080
_a
54
100
_a
12
101
_a
SHM
245
_a
COMPREHENSIVE ANALYTICAL CHEMISTRY
_c
BELCHER.R
942
_2
udc
_c
BK
999
_c
12112
_d
12112